For geography nerds only - Statistics

General Stats
  • This quiz has been taken 17 times
  • The average score is 8 of 12
Answer Stats
Picture Hint Answer % Correct
Genghis Khan Statue Mongolia
100%
Bryce Canyon USA
94%
Shilin Stone Forest China
81%
Darvaza Gas Crater (Door to Hell) Turkmenistan
75%
Purnululu National Park Australia
69%
Salar de Uyuni Bolivia
69%
Spotted Lake Canada
69%
Meteora Greece
69%
Kolmanskop Namibia
56%
Lake Natron Tanzania
31%
Mud Volcanoes Azerbaijan
19%
Jeita Grotto Lebanon
19%
No matching quizzes found
Score Distribution
Percent of People with Each Score
Percentile by Number Answered
Your Score History
You have not taken this quiz